[Event "UKR-ch KO 74th"]
[Site "Rivne"]
[Date "2005.08.24"]
[Round "1.1"]
[White "Lagno, Kateryna"]
[Black "Andreev, Eduard"]
[Result "1-0"]
[WhiteElo "2498"]
[BlackElo "2497"]
[Annotator "Psakhis,L"]
[PlyCount "61"]
[EventDate "2005.08.24"]
[EventType "k.o."]
[EventRounds "5"]
[EventCountry "UKR"]
[SourceTitle "CBM 109"]
[Source "ChessBase"]
[SourceDate "2005.11.14"]
[SourceVersion "1"]
[SourceVersionDate "2005.11.14"]
[SourceQuality "1"]

1. e4 e6 2. d4 d5 3. Nc3 Bb4 4. e5 Ne7 5. a3 Bxc3+ 6. bxc3 c5 7. Qg4 Kf8 {
An interesting line introduced by Eingorn and often employed by Nikolic.} 8. a4
Qc7 (8... b6 9. Nf3 (9. h4 Ba6 10. Bxa6 (10. Bd3 $5) 10... Nxa6 11. Ne2 Rc8 {
Here we see Black's idea in this variation: He wants to exploit White's weak
queenside pawns.} 12. O-O h6 13. Ba3 Nf5 14. g3 Kg8 15. Nf4 cxd4 16. cxd4 Rxc2
$17 {Shmuter,L (2490)-Zifroni,D (2455)/Tel Aviv Czerniak 1996/ChessBase/ (31)})
9... Ba6 10. Bd3 Bxd3 11. cxd3 Nd7 (11... cxd4 12. cxd4 Nbc6 13. O-O h6 14. Be3
Rc8 15. Rfc1 {1/2-1/2 Karjakin,S (2460)-Novik,M (2465)/WICC qual Dubai 2002/
EXT 2003}) 12. O-O h6 13. Ba3 Kg8 14. Rfe1 Rc8 15. c4 Nf8 16. dxc5 bxc5 17.
Rab1 Qa5 18. Rb5 Qxa4 19. Bxc5 Nfg6 20. Bxe7 Nxe7 21. Rb7 {1-0 McDonald,N-Pert,
N/BCF t-ch 1997/ChessBase (47)}) (8... Nbc6 9. Qd1 $5 $146 (9. Bd3 Bd7 10. h4
Qa5 11. Bd2 c4 12. Be2 Nf5 13. Qf4 h6 14. g4 Nfe7 15. Rh3 Ng6 16. Qe3 Ke8 17.
h5 Nge7 18. Nf3 Kd8 19. Bc1 b5 20. Kf1 Kc7 {1-0 Luch,M-Baraniuk,S/Polanica
Zdroj op 2001/ (20)}) (9. Bb5 cxd4 10. cxd4 Nb4 11. Rb1 Nxc2+ 12. Kd1 Qc7 13.
Bd3 Nb4 14. Rxb4 Qc3 15. Bd2 Qxd3 16. Ne2 h5 17. Qg5 b6 18. Nf4 Qf5 19. Qg3 Nc6
20. Rb2 Ba6 21. Qe3 h4 22. Rc2 Bc4 23. h3 Kg8 {Boros,D-Kappler,J/Budapest IM
1994/0-1 (37)}) 9... Bd7 10. Nf3 Rc8 11. Ba3 cxd4 (11... Qa5 12. Qd2 b6 13. Bb5
$5 $36) 12. cxd4 Qa5+ 13. Qd2 f6 (13... Qxd2+ $5 14. Kxd2 Na5 15. Bb4 Nc4+ 16.
Bxc4 Rxc4 17. Rhb1 $36) 14. c3 $5 {Keeping the queens on the board.} fxe5 15.
dxe5 Ke8 {Black does not have weak pawns but falls behind in development} (
15... Kg8 $5) 16. Be2 (16. Bd3 $5 {[%csl Gd3]}) 16... Qxa4 17. O-O $44 {
[%csl Ga3,Ge2,Re8] 1-0 Nijboer,F (2578)-Blees,A (2389)/NED t-ch playoff
Enschede 2004/CBM 101/[Psakhis] (41)}) 9. Nf3 (9. Bd2 b6 10. a5 Ba6 11. Bxa6
Nxa6 12. Qe2 Qb7 13. Nh3 b5 14. Nf4 Rc8 15. Rb1 Nc7 16. Nh5 a6 17. Bc1 Ne8 18.
Ba3 cxd4 19. cxd4 Rc4 20. Bc5 Kg8 21. O-O Qc7 22. Rb3 h6 {0-1 Rocha,S (2430)
-Kelly,B (2490)/Calvia Olympiad 2004/FCD (49)}) (9. Kd1 b6 10. Nf3 h6 11. Ba3
Ba6 12. Bd3 Bxd3 13. cxd3 Nd7 14. Ke2 Kg8 15. h4 Nf5 16. Qf4 f6 17. g4 Ne7 18.
h5 Nc6 19. Qg3 Rf8 20. Nh4 Rf7 21. Ng6 Rh7 {0-1 Lugo,B-Nogueiras,J/Havana ISLA
1994/ChessBase (47)}) 9... b6 (9... cxd4 10. Qxd4 Nbc6 11. Qc5 (11. Qe3 Nf5 12.
Qf4 Nce7 13. Qd2 Ng6 14. Be2 Nxe5 15. Nxe5 Qxe5 16. Ba3+ Kg8 17. O-O Bd7 18. c4
Bc6 19. Rfe1 Rd8 20. Qa5 Qf6 21. cxd5 Bxd5 22. Rad1 Rc8 23. c4 Bxg2 24. Bb2 Qh4
25. Kxg2 Qg5+ 26. Kh3 Qh4+ 27. Kg2 Qg5+ 28. Kh3 {1/2-1/2 Areshchenko,A (2595)
-Socko,B (2583)/EUR-ch Qualification Warsaw 2005/}) 11... Qa5 (11... b6 $146
12. Qd6 Qxd6 13. exd6 Ng6 14. Bb5 (14. c4 d4 $5 (14... Nb4 $2 15. d7 Bxd7 16.
Ba3 a5 17. c3 $18) 15. Bd3 Bd7 16. Be4 Rc8 $132) (14. Ba3 $142) 14... Bb7 (
14... Bd7) 15. Ba3 f6 16. c4 Nce5 17. Nxe5 Nxe5 18. cxd5 Bxd5 19. f4 Nc4 (19...
Bxg2 $2 20. Rg1 Nf3+ 21. Kf2 Nxg1 22. Kxg2 $18) 20. Bxc4 Bxc4 21. d7+ $6 (21.
O-O-O Kf7 22. Rd4 Bd5 $11) 21... Kf7 22. O-O-O Rhd8 {1/2-1/2 Nijboer,F (2475)
-Atlas,D (2320)/Cappelle la Grande 1996/Inf 66/[Atlas,D] (39)}) (11... Bd7 12.
Ba3 $5 Kg8 (12... Rc8 13. Qe3 Kg8 14. Bd3 $14) (12... f6 13. exf6 gxf6 14. c4
$13) 13. Bd3 Ng6 14. Qd6 Rc8 (14... Qxd6 15. Bxd6 Rc8 16. a5 f6 17. Bxg6 hxg6
18. Ke2 fxe5 (18... g5 {/\ g4}) 19. Nxe5 Nxe5 20. Bxe5 Rh5 21. Bd4 a6 $11) 15.
Qxc7 Rxc7 16. Bd6 Rc8 17. a5 f6 18. Bxg6 hxg6 19. Kd2 Kf7 $6 (19... g5 $1 20.
Rhb1 (20. h3 $2 g4 21. hxg4 Rxh1 22. Rxh1 Nxa5 $17) 20... g4 21. Ne1 Nd8 $15)
20. Rhb1 Nd8 {1/2-1/2 Gongora,M (2454)-Nogueiras,J (2533)/Cuba (ch) 2005/ (38)}
) (11... f6 12. exf6 gxf6 13. Be2 (13. c4 Kf7 14. cxd5 Nxd5 15. Bd3 Qa5+ 16.
Qxa5 Nxa5 17. Bd2 Nc6 18. Rb1 Rb8 19. O-O e5 {1/2-1/2 Zaragatski,I-Drozdovskij,
Y/EUR-ch B18 Peniscola 2002(19)}) 13... e5 14. Nh4 Be6 15. O-O Rg8 16. f4 e4
17. f5 Bf7 18. Bh6+ Ke8 19. a5 Kd7 20. Bf4 Ne5 21. Qe3 Rac8 {0-1 Nijboer,F 
(2549)-Nikolic,P (2676)/Wijk aan Zee Corus-B 2005/CBM 105/[Mueller,Karsten] 
(77)}) 12. Bb5 (12. Ba3 Qxc5 13. Bxc5 f6 $132) 12... a6 (12... b6 13. Qd6 Bb7 (
13... Qxc3+ 14. Bd2 $1 (14. Ke2 Qb4 15. Ba3 $18) 14... Qxa1+ 15. Ke2 Qxh1 16.
Bxc6 $18)) 13. Ba3 (13. Bg5 $2 axb5 14. axb5 Qxa1+ 15. Kd2 Qa5 $1 16. Ra1 Qxa1
17. bxc6 Qa3 18. Bxe7+ Ke8 19. Qxa3 Rxa3 20. cxb7 Bxb7 21. Bxa3 Kd7 $17) 13...
axb5 (13... Bd7 14. Bb4 Qc7 15. Bxc6 Bxc6 16. O-O $16) 14. axb5 f6 (14... Qa7
15. Qd6 Qb8 16. bxc6 Qxd6 17. exd6 $18) (14... Ke8 15. Kd2) 15. O-O Qc7 16.
bxc6 Kf7 17. Qxe7+ Qxe7 18. Bxe7 Rxa1 19. Rxa1 {1-0 Volokitin,A (2447)
-Wisniewski,A (2292)/Polanica Zdroj op 2000/}) 10. Ba3 Ba6 (10... Kg8 11. Bd3
cxd4 12. Bxe7 Qxe7 13. Nxd4 $1 g6 14. O-O Kg7 15. f4 Qc5 16. Kh1 Nc6 17. Qg5 $1
Rf8 $2 (17... Nxd4 18. cxd4 Qxd4 19. Qf6+ Kg8 20. h4 $1) 18. f5 $1 Nxd4 (18...
exf5 19. Qf6+ Kg8 20. Qxc6) 19. cxd4 Qxd4 20. fxg6 hxg6 21. Bxg6 $1 {1-0
Golubev,M (2545)-Legky,N (2525)/Luzern 1994/EXT 99}) 11. Bb5 $5 $146 (11. Bd3
$5 h6 (11... Bxd3 12. cxd3 Nd7 13. O-O Kg8 14. c4 dxc4 15. dxc4 Nc6 (15... Ng6
16. Qe4 Rc8 17. Rfe1 cxd4 18. Bd6 Nc5 19. Qxd4 Nb3 20. Qb2 Qxc4 21. Nd2 Qd4 22.
Qxb3 Qxd2 23. Qf3 $44 {0-1 Nijboer,F-De Jong,M/Leeuwarden op 1995 (40)}) 16.
Qe4 Rc8 17. Rfd1 cxd4 18. Bd6 Nc5 19. Qb1 Qd7 20. Nxd4 Nxd4 21. Rxd4 Qc6 22. a5
{1/2-1/2 Antal,G (2405)-Efimenko,Z (2430)/Wch B16 Oropesa del Mar 2000}) 12.
O-O Kg8 (12... Bxd3 13. cxd3 Na6 $6 (13... Nd7 14. c4 $14 (14. Rfe1 Kg8 15. c4
Rc8 16. h4 Qb7 17. a5 Kh7 18. a6 Qc6 19. dxc5 bxc5 20. Nd4 cxd4 21. Bxe7 dxc4
22. dxc4 Rhe8 23. Bd6 Qxc4 24. Qe4+ Kg8 25. Red1 Nb6 {1-0 Raaste,E-Naumkin,I/
Heart of Finland 1993/ChessBase (41)})) 14. c4 Rd8 15. dxc5 (15. Rac1 $5) 15...
bxc5 16. cxd5 (16. d4 $5) 16... Rxd5 17. Qc4 $1 $16 Nb8 18. d4 Kg8 19. dxc5 $1
(19. Bxc5 Nd7 20. Rac1 Nxc5 21. dxc5 Nc6 $14) 19... Nbc6 20. Rad1 Kh7 (20...
Nxe5 21. Nxe5 Qxe5 (21... Rxe5 22. Rd6 $1) 22. c6 Rxd1 23. Rxd1 Nd5 24. Qc2 $1)
21. Qe4+ Ng6 $5 (21... g6 22. Qf4) 22. Rxd5 exd5 23. Qxd5 Rd8 {1/2-1/2 Hellers,
F (2500)-Eingorn,V (2590)/Debrecen 1992 (49)}) 13. Rfb1 Bxd3 14. cxd3 Kh7 15.
dxc5 bxc5 16. c4 Rc8 17. d4 Nd7 18. Qf4 Kg8 19. Qd2 dxc4 20. Rc1 Nc6 21. Rxc4
Na5 22. Rc3 c4 23. Qc2 Qc6 24. Rc1 Rab8 25. Nd2 Qd5 {Papp,G (2476)-Moor,O 
(2387)/Mitropa Cup Steinbrunn 2005/ /1/2-1/2 (48)}) (11. Bxa6 Nxa6 12. O-O Kg8
13. dxc5 (13. c4 h5 14. Qg5 dxc4 15. Nd2 Nd5 16. Ne4 Rh6 17. Qd2 cxd4 18. Qxd4
Rg6 19. f4 Rg4 20. g3 Qc6 21. Bd6 Rc8 22. h3 Rg6 23. Kh2 c3 24. Rad1 Qc4 25.
Rf3 Qa2 26. f5 exf5 {0-1 Djurhuus,R (2483)-Ostenstad,B (2492)/NOR-ch Molde
2004/ (42)}) 13... Nxc5 14. c4 h5 15. Qf4 Ng6 16. Qd4 Rd8 17. Rfd1 h4 18. Bxc5
bxc5 19. Qe3 d4 20. Qe4 Rh5 {0-1 Nijboer,F (2590)-Adams,M (2670)/Wijk aan Zee
blitz 1998/ChessBase (45)}) 11... h6 (11... Bxb5 12. axb5 a6 (12... Nd7 $5) 13.
O-O $1 axb5 $140 14. Bxc5 $1 $16) 12. O-O Kg8 {It looks so that Black
completrly forgot his development!} 13. c4 $1 {White exploits Black's lag in
development and breaks through in the centre.} Bb7 (13... Bxb5 14. axb5 Nd7 15.
cxd5 Nxd5 16. c4 $16 {[%csl Rg8]}) 14. cxd5 Nxd5 (14... Bxd5 $5) 15. dxc5 bxc5
16. Rfe1 $16 a6 (16... Nc6 17. Bxc5 Nxe5 18. Rxe5 $1 (18. Nxe5 $143 Qxc5 19.
Qf3 Qc7) 18... Qxc5 19. c4 a6 (19... Nf6 20. Qxe6 $1) 20. cxd5 axb5 21. dxe6
Bxf3 22. exf7+ Kh7 23. Qf5+ g6 24. Qd7 $1 $18) 17. Bd3 Nd7 18. Rab1 $1 {
White has strong pressure in the centre and both flanks and it is almost
impossible to find counter-play for Black.} Rc8 (18... Bc6 $5) 19. Rb3 (19. Nd2
$142 $5 $16 {[%cal Gd2c4,Gc4d6]}) 19... a5 (19... Nb4 $142 $5) 20. Bb5 (20. Nd2
$5 Bc6 21. f4 Bxa4 22. Rb2) 20... Bc6 (20... Nb4 $5 {[%cal Ob4c2,Gb7f3]}) 21.
h4 (21. Bb2 $5 {[%csl Ge5]} Nb4 22. Nd2 Nxc2 $140 23. Rg3 g6 24. Rc1 Nb4 25.
Nc4 $16 {[%csl Rg8]}) 21... Nb4 $1 22. Re2 Nb6 (22... Bxf3 $5 23. Qxf3 Nxe5 24.
Qe4 $44) 23. Nd2 {[%cal Ch6h5,Ch5g4,Rb3g3]} (23. c3 Bxb5 24. axb5 Qd7 $5 25.
Rd2 Nd3) 23... h5 $6 {This nervous move only leads to the creation of
weaknesses.} (23... Bxb5 24. axb5 Nxc2 25. Rg3 Rh7 26. Bb2 $40 {[%cal Gd2e4]})
24. Qg5 Rh6 25. Bxc6 Qxc6 26. Ne4 Nd7 (26... Rg6 27. Qxh5 Nxc2 (27... Nxa4 28.
Ng5) 28. Bxc5 $16) 27. Rg3 Rh7 (27... Rg6 28. Qxh5 Rxg3 29. fxg3 $1 {[%cal
Re4g5,Re4d6]}) 28. c4 (28. Bxb4 $142 $1 cxb4 29. Qe7 $18 {[%cal Re7d7]}) 28...
Qxa4 (28... Re8 {[%csl Ge7]} 29. Qf4 $5 {[%cal Ge4g5]}) 29. Rd2 $1 $18 {
[%cal Rd2d7] This strong move had to be foreseen a few moves ago.} Qc6 (29...
Kf8 30. Qf4) 30. Rxd7 Qxe4 31. Rd8+ 1-0

[Event "ESP-chT Honor Gp1 49th"]
[Site "Merida"]
[Date "2005.08.28"]
[Round "5"]
[White "Volokitin, Andrei"]
[Black "Pelletier, Yannick"]
[Result "0-1"]
[WhiteElo "2671"]
[BlackElo "2603"]
[Annotator "Psakhis,L"]
[PlyCount "58"]
[EventDate "2005.08.24"]
[EventType "team"]
[EventRounds "5"]
[EventCountry "ESP"]
[SourceTitle "CBM 109"]
[Source "ChessBase"]
[SourceDate "2005.11.14"]
[SourceVersion "1"]
[SourceVersionDate "2005.11.14"]
[SourceQuality "1"]

1. e4 e6 2. d4 d5 3. Nc3 Bb4 4. e5 Ne7 5. a3 Bxc3+ 6. bxc3 c5 7. Qg4 O-O 8. Bd3
Nbc6 9. Qh5 Ng6 10. Nf3 Nce7 $5 ({Usually Black plays} 10... Qc7 {in this
position, but after for example} 11. Be3 c4 12. Bxg6 fxg6 13. Qg4 Qf7 14. Ng5
Qe8 15. h4 Ne7 16. Qe2 Nf5 17. g4 Nxe3 18. Qxe3 h6 19. Nh3 Qe7 20. Qg3 $36 {
1-0 Nijboer,F-Harikrishna,P/Wijk aan Zee-B 2001/CBM 81 (33) White got better
chances}) (10... Bd7 11. Ng5 h6 12. Nxf7 {(Naumkin 90)}) 11. dxc5 (11. Ng5 $6
h6 12. Nxf7 $2 (12. Nf3 c4 13. Bxg6 fxg6 $15 14. Qg4 Bd7 15. a4 Qa5 16. Kd2 $2
g5 $1 17. Kd1 (17. Ba3 Rf4 18. Qg3 Nf5 19. Qh3 g4 $19) 17... Qxc3 18. Ra3 Qb4
19. h4 Rf4 20. Bxf4 gxf4 21. Ra1 Rf8 22. Ke2 Qc3 23. Rac1 Rf5 24. Rhe1 Bxa4 25.
Kf1 Be8 26. Qh3 Nc6 27. Ng5 Qxh3 28. Nxh3 Nxd4 29. c3 Nb3 30. Rc2 b5 31. Ng1 a5
32. Nf3 b4 33. Rb1 Rf8 {0-1 Polgar,S (2425)-Lputian,S (2565)/Rimavska Sobota
1991/ChessBase/[Knaak]}) 12... Kxf7 13. h4 Qe8 {/\ Kg8 (Naumkin 90) Knaak: '/\
Kg8 Naumkin'}) (11. h4 Qa5 $1 12. Bd2 c4 13. Be2 (13. Bxg6 fxg6 $1 14. Qg4 h6
15. Ke2 Bd7 $15 {(Naumkin 90)}) 13... Nf4 $5 $13 {(Naumkin 90)} (13... f6 $5))
11... b6 $1 {Pelletier is trying to seize the initiative at an early stage
regardless of the colour of pieces.} (11... Qc7 12. O-O Nf5 (12... f6 13. exf6
gxf6 14. c4 (14. Nh4 f5 15. Nxg6 hxg6 16. Qh4 Rf7 17. Bf4 e5 18. Bg5 e4 19. Be2
Qxc5 20. Bxe7 Qxe7 21. Qxe7 Rxe7 22. c4 dxc4 23. Bxc4+ Be6 {0-1 Sneddon,
I-Wurth,T/corr 1994 (35)})) 13. Re1 (13. g4 $5 Nfe7 14. Ng5 h6 15. Nf3 $40 {
(Naumkin 90)}) 13... Qxc5 14. Bd2 Qc7 15. Rab1 {'/\ Rb4 -> >>'} (15. g4 $5 Nfe7
16. Ng5 h6 17. Nf3 Nc6 $5 18. Re2 $1 $16 {(Naumkin 90)}) 15... Bd7 16. Ng5 (16.
Rb4 a5 17. Rg4 f6 18. exf6 Rxf6 19. Ng5 Nf8) 16... Nh6 $1 (16... h6 $6 17. Nxf7
$1 (17. Nf3) 17... Kxf7 18. Bxf5 exf5 19. e6+ Bxe6 20. Rxe6 Kxe6 21. Qxg6+ Kd7
(21... Rf6 $2 22. Re1+ Kd6 23. Bf4+ $18 {(Naumkin 90)}) 22. Qxg7+ Kc6 23. Qxh6+
Qd6 $1 24. Qxd6+ Kxd6 25. Rxb7 $16) 17. Rb4 f5 $8 18. exf6 (18. g4 $5 a5 (18...
Nxe5 $5 19. Bf4 Nxd3 20. Bxc7 Nxe1 {(Naumkin 90)}) 19. gxf5 axb4 20. fxg6 $44 {
(Naumkin 90)}) (18. f4 $5) 18... Rxf6 19. Bxg6 $1 (19. Nxh7 $5 Kxh7 20. Rh4 (
20. Rg4 Be8) 20... Qc5 $5 21. Rf1 (21. Re3 Bb5 $5) 21... Qf8 $13 {(Naumkin 90)}
) 19... Rxg6 (19... hxg6 $6 20. Qe2 $1 $16 {(Naumkin 90)}) 20. Nf3 Rf8 (20...
Nf7 $2 21. Rh4 $1) 21. Qe5 $1 {1/2-1/2 Vasiukov,Y (2540)-Naumkin,I (2445)/
Voskresensk 1990/ChessBase} (21. Ne5 Rf5)) (11... Bd7 $146 {[%cal Gd7e8,Gf7f6]
An interesting novelty. Haimovich wants to bring his bishop on the king's side
where it will be very useful in the defence.} 12. Rb1 Qc7 13. O-O Be8 {[%cal
Gf7f6]} 14. Re1 Nc6 {[%cal Gf7f6]} 15. Ng5 ({Worth considering is} 15. Qh3 {
[%cal Gh3e6]}) 15... h6 16. Nxe6 (16. Nf3 f5) 16... fxe6 17. Bxg6 Rf5 $1 {
Maybe Gruenfeld overlooked this strong move, when he played 15.Ng5.} 18. Qg4 ({
I think, that just after the queen's sacrifice-} 18. Bxe8 $5 Rxh5 19. Bxh5 {
White could pretend for advantage, for example} Nxe5 $140 $6 20. Bf4 Nf3+ 21.
Bxf3 Qxf4 22. Rxe6 $16) 18... Nxe5 19. Qg3 (19. Bxf5 Nxg4 20. Bxe6+ Bf7 21.
Bxg4 Qxc5 $13) 19... Bxg6 20. f4 Nc4 (20... Kh7 $5 21. fxe5 Qxc5+ 22. Be3 Qc7
$36 {doesn't look too bad either.}) (20... Qxc5+ $5 21. Be3 Qxc3 22. fxe5 Kh7
23. Rxb7 Rc8 $15) 21. Qxg6 Rf6 {1/2-1/2 Gruenfeld,Y (2520)-Haimovich,T (2302)/
Tel Aviv 2001/CBM 82/[Psakhis] (30)}) 12. c6 Qc7 13. O-O (13. a4 Qxc6 14. O-O
a5 15. Ba3 Ba6 16. Nd4 Qxc3 17. Nb5 Bxb5 18. axb5 Ra7 19. Bd6 f5 20. exf6 Rxf6
21. Rae1 Nf5 22. Be5 Nxe5 23. Qe8+ Rf8 24. Qxe6+ Kh8 25. Rxe5 g6 26. Qxb6 Qxe5
27. Qxa7 Nd4 28. Qxa5 Rf4 29. Qd8+ Kg7 30. b6 Rf7 31. Rb1 Qf4 32. b7 Qxf2+ 33.
Kh1 Ne2 34. Bxe2 Qxe2 35. Qb6 Rf1+ 36. Qg1 {1-0 Bromberger,S (2490)-Vilar
Lopez,M (2180)/Banyoles op 2005}) 13... f5 (13... Nxc6 14. a4 Ncxe5 15. Nxe5
Qxe5 16. Bxg6) (13... Qxc6 14. c4 Bb7 ({RR} 14... dxc4 15. Ng5 h6 16. Be4) 15.
Bg5 Nf5) 14. exf6 (14. Re1 Qxc6 15. a4 Qxc3 16. Ba3 Bd7) 14... gxf6 15. c4 (15.
Nh4 f5) 15... dxc4 (15... Qxc6 $143 16. Re1 Qe8 17. Bh6 Ne5 18. Rxe5 fxe5 19.
Qxe5 Rf7 20. Ng5 Ng6 21. Bxg6 hxg6 22. Nxf7 Qxf7 23. Re1 Bd7 24. Re3 Rc8 25.
Rh3 Rxc4 26. Bg5 {1-0 Rodriguez Guerrero,E (2500)-Vilar Lopez,M (2147)/Andorra
op 2003/ChessBase}) 16. Bxc4 Qxc6 17. Bb3 Kh8 18. Nd4 (18. Bb2 e5 19. Rfe1 Bb7
(19... Bf5 20. Nxe5) 20. Rad1 Nf4 21. Qg4 Rg8 $5 $132) (18. Bh6 Rd8 19. Rfe1 (
19. Rad1 Bb7) 19... e5 $140 (19... Nf5 20. Rad1 Rxd1 21. Rxd1 Bb7) 20. Rxe5
fxe5 21. Nxe5 Rd5 22. Qf3 Qe6 23. Nxg6+ hxg6 24. Qf8+) 18... Qe4 {[%csl Rg2]
[%cal Oe4d4,Gc8b7]} (18... Qc3 19. Be3 e5 20. Ne2 Qc6) 19. Nb5 $2 $146 {
Volokitin underestimates the danger.} (19. Bh6 Nh4 20. f3 (20. Nf3 Nxf3+ 21.
gxf3 Rg8+ 22. Kh1 Qf5) 20... Qxd4+ 21. Kh1 Ba6 (21... Rd8 22. c3 Qxc3 23. Qxh4
Nf5 24. Rac1 Nxh4 25. Rxc3 Nf5) 22. Rad1 Bxf1 23. Rxd4 Bxg2+ 24. Kg1 Nxf3+ 25.
Kxg2 Nxd4) ({Possibly White must try to find an improvement in line which
starts with} 19. Rd1 $5 Rd8 20. Be3 (20. Bh6 Rxd4 21. Rxd4 Qxd4 22. Rd1 Qe4)
20... e5 21. Ne6 (21. Nf3 Bg4 22. Rxd8+ Rxd8 23. Ng5 fxg5 24. Qxg5 Rf8) ({RR} 
21. Qf3 Qxf3 22. Nxf3 Bg4) 21... Bb7 (21... Bxe6 22. Bxe6 Nh4 (22... Qxc2 23.
Qf3) 23. Qg4 (23. Bh3 Rxd1+ 24. Rxd1 Rg8) 23... Qxg4 24. Bxg4 Nhf5) 22. Qh3 Rg8
(22... Rxd1+ 23. Rxd1 Rg8 24. Nd8) 23. Bg5 (23. Rd7 Qxg2+ (23... Rae8 24. Bg5
fxg5 25. Nxg5 Qxg2+ 26. Qxg2 Bxg2 27. Nf7+ Kg7 28. Kxg2) (23... Nh4 24. Ng5
fxg5 25. Rxe7 g4 26. Qg3 Rg7 27. Rxe5 Qxg2+ 28. Qxg2 Nxg2 29. Bg5) 24. Qxg2
Bxg2 25. Ng5 (25. Nc7 Nh4 26. Bxg8 Rxg8) (25. Bg5 fxg5 26. Kxg2 Nf5) 25... fxg5
26. Kxg2 (26. Bxg8 Bc6) 26... Rg7) 23... fxg5 24. Nxg5 Qh4 (24... Qxg2+ 25.
Qxg2 Bxg2 26. Nf7+ Kg7 27. Kxg2) 25. Qxh4 Nxh4 26. Bxg8 Rxg8 27. Rd8 (27. Nf7+
Kg7 28. Nxe5 Bxg2 29. Rd4 Nf3+ 30. Nxf3 Bxf3) 27... Rxd8 28. Nf7+ Kg7 29. Nxd8
Bxg2 {Lutz,C-Pelletier,Y Zurich 2002}) 19... Nf5 (19... Qc6 20. a4 {[%cal
Gc1a3]}) 20. Nc3 Qc6 {[%csl Rg2][%cal Oc6c3,Gc8b7] The opening phase has gone
extremely well for Black. White hasn't played systematically and now stands
worse.} 21. Ne2 $6 (21. Qh3 Bb7 22. Ne2 Ba6 $5) 21... Bb7 {An unnecessary
move! I didn't found a defense for White after the agressive} (21... Ngh4 $142
$5 {[%csl Rg2] for example:} 22. f3 $8 (22. Nf4 Rg8 23. Kh1 (23. f3 Bd7 $1 (
23... Qc5+ 24. Kh1 Qe5 25. Rb1 Nxg2 $5 26. Qf7 $1 (26. Nxg2 $4 Ng3+ $1)) 24.
Bb2 Raf8 $19 {[%csl Rh5][%cal Ca1e1,Ce1e6,Rd7e8]}) 23... Nxg2 24. f3 Ba6 $19)
22... Qc5+ 23. Rf2 $8 (23. Kh1 Qe5 $19) 23... Ba6 $5 24. c4 $8 Nxg2 $1 $19 25.
Kxg2 $140 Ne3+ 26. Bxe3 Qxh5) 22. f3 (22. Qh3 $5 Ba6 (22... Rg8 23. Ng3) 23.
Re1 Qe4 $17) 22... Rad8 (22... Qc5+ 23. Rf2) 23. Bb2 $6 {In such crazy
positions one mistake is enough to lose a game.} (23. Bh6 $8 Rg8 24. Rae1 Qc5+
25. Kh1 Ba6 $36) 23... Ba6 (23... Qc5+ $5 24. Rf2 $140 Rd2) 24. Qg5 {It is
hard to understand, what exactly was missed by Volokitin, but in any case
White's task was already not simple at all.} (24. Rf2 $142 Bxe2 25. Qg5 $5 (25.
Rxe2 $2 Nf4) 25... Rd4 $1 26. Bxd4 Nxd4 27. Qe3 Qd6 28. Kh1 Qe5 29. Qxe5 fxe5
30. Re1 Nf4 $19) 24... Ne5 $1 $19 {After this move there is no doubt about
Black's overwhelming advantage.} 25. Bxe5 (25. Qf4 Qc5+ 26. Rf2 Bxe2 27. Bxe6
Nd4 $19) 25... Qc5+ 26. Rf2 (26. Kh1 Qxe5 {[%csl Re2]}) 26... Qxe5 27. Qc1 Bxe2
28. f4 Qc5 {[%cal Rc5g1]} 29. Qe1 Bc4 0-1